[Event "Rostock SSC op 16th"]
[Site "Rostock"]
[Date "2017.07.28"]
[Round "4"]
[White "Schroeder, Christian"]
[Black "Schneider, Christian"]
[Result "0-1"]
[WhiteElo "1975"]
[BlackElo "2215"]
[PlyCount "100"]
[EventDate "2017.07.26"]
[EventType "swiss"]
[EventRounds "7"]
[EventCountry "GER"]
[SourceTitle "EXT 2018"]
[Source "ChessBase"]
[SourceDate "2017.10.13"]
[SourceVersion "1"]
[SourceVersionDate "2017.10.13"]
[SourceQuality "1"]

1. c4 e6 2. g3 d5 3. Bg2 Nf6 4. b3 c5 5. Nf3 Nc6 6. 0-0 Be7 7. cxd5 Nxd5 8. Bb2 Bf6 9. Bxf6 Qxf6 10. Na3 0-0 11. Rc1 b6 12. Nc4 Rd8 13. d3 Ba6 14. Ne3 Nxe3 15. fxe3 Qh6 16. Qd2 Rac8 17. Kf2 e5 18. Qc3 Rd6 19. Nxe5 Nxe5 20. Qxe5 Re6 21. Qb2 Qxe3+ 22. Ke1 Bxd3 23. Bf3 Rce8 24. Rf2 Be4 25. Kf1 Rd6 26. Bxe4 Qxe4 27. Kg1 Red8 28. Qc2 Qe3 29. Qc4 Rf6 30. Rcf1 Rdd6 31. Kg2 Rd4 32. Qa6 Rxf2+ 33. Rxf2 Qe4+ 34. Kh3 Qe6+ 35. Kg2 Qc6+ 36. Rf3 Qe6 37. Kf2 Re4 38. Qd3 g6 39. e3 Re5 40. Qc3 Rd5 41. Ke2 Qh3 42. Qf6 Qxh2+ 43. Rf2 Qh5+ 44. Rf3 Rf5 45. Qc6 Qxf3+ 46. Qxf3 Rxf3 47. Kxf3 Kg7 48. Ke4 Kf6 49. Kd5 h5 50. Kc6 g5 0-1

[Event "Rostock SSC op 16th"]
[Site "Rostock"]
[Date "2017.07.27"]
[Round "3"]
[White "Schneider, Christian"]
[Black "Hopp, Peter"]
[Result "1-0"]
[WhiteElo "2215"]
[BlackElo "1813"]
[PlyCount "35"]
[EventDate "2017.07.26"]
[EventType "swiss"]
[EventRounds "7"]
[EventCountry "GER"]
[SourceTitle "EXT 2018"]
[Source "ChessBase"]
[SourceDate "2017.10.13"]
[SourceVersion "1"]
[SourceVersionDate "2017.10.13"]
[SourceQuality "1"]

1. e4 d5 2. exd5 Qxd5 3. Nc3 Qa5 4. d4 c6 5. Bc4 Bf5 6. Nf3 Nf6 7. Bd2 e6 8. d5 cxd5 9. Nxd5 Qd8 10. Nxf6+ gxf6 11. Qe2 a6 12. 0-0-0 Qe7 13. Nd4 Bg6 14. Rhe1 Nd7 15. f4 Qc5 16. Nxe6 fxe6 17. Qxe6+ Kd8 18. Ba5+ 1-0

[Event "Berlin Lichtenberger op 12th"]
[Site "Berlin"]
[Date "2013.08.21"]
[Round "5"]
[White "Schneider, Christian"]
[Black "Strobel, Norbert"]
[Result "1-0"]
[WhiteElo "2221"]
[BlackElo "2048"]
[PlyCount "43"]
[EventDate "2013.08.17"]
[EventType "swiss"]
[EventRounds "9"]
[EventCountry "GER"]
[SourceTitle "CBM 156 Extra"]
[Source "ChessBase"]
[SourceDate "2013.10.22"]
[SourceVersion "1"]
[SourceVersionDate "2013.10.22"]
[SourceQuality "1"]

1. e4 c6 2. Nc3 d5 3. f4 dxe4 4. Nxe4 g6 5. Nf3 Bg7 6. Bc4 Nf6 7. Nxf6+ Bxf6 8. d4 0-0 9. 0-0 Bg4 10. c3 e6 11. Be3 Nd7 12. h3 Bxf3 13. Qxf3 h5 14. g4 hxg4 15. hxg4 Nb6 16. Bb3 Nd5 17. Kg2 Nxe3+ 18. Qxe3 Qd6 19. Rad1 Rad8 20. Rh1 Kg7 21. g5 Be7 22. Rh7+ 1-0

[Event "Berlin Lichtenberger op 12th"]
[Site "Berlin"]
[Date "2013.08.18"]
[Round "2"]
[White "Kather, Yannick"]
[Black "Schneider, Christian"]
[Result "0-1"]
[WhiteElo "1943"]
[BlackElo "2221"]
[PlyCount "90"]
[EventDate "2013.08.17"]
[EventType "swiss"]
[EventRounds "9"]
[EventCountry "GER"]
[SourceTitle "CBM 156 Extra"]
[Source "ChessBase"]
[SourceDate "2013.10.22"]
[SourceVersion "1"]
[SourceVersionDate "2013.10.22"]
[SourceQuality "1"]

1. e4 c6 2. d4 d5 3. Nc3 dxe4 4. Nxe4 Nd7 5. Nf3 Ngf6 6. Ng3 e6 7. Bd3 Bd6 8. 0-0 0-0 9. b3 Qc7 10. Bb2 b6 11. Re1 Bb7 12. c4 Rad8 13. Qc2 h6 14. Rad1 c5 15. Ne4 Be7 16. d5 exd5 17. Nc3 dxc4 18. Rxe7 Bxf3 19. Be2 cxb3 20. axb3 Bxe2 21. Qxe2 Qc6 22. Nb5 a6 23. Na7 Qa8 24. Qxa6 Nd5 25. Ree1 Nf4 26. f3 Rde8 27. Qa4 Rxe1+ 28. Rxe1 Nd3 29. Qxd7 Nxe1 30. Nc6 Qe8 31. Ne7+ Kh7 32. Qf5+ Kh8 33. Qe5 f6 34. Qxe1 Qf7 35. Nf5 Qxb3 36. Qe7 Rg8 37. Qe2 Qf7 38. Qb5 Qd5 39. Ne7 Qd1+ 40. Kf2 Qd2+ 41. Kf1 Rd8 42. Nf5 Qd1+ 43. Kf2 Qc2+ 44. Kg3 Qxf5 45. Qxb6 Rd2 0-1

[Event "Berlin Lichtenberger op 11th"]
[Site "Berlin"]
[Date "2012.08.26"]
[Round "9"]
[White "Schneider, Christian"]
[Black "Lauridsen, Jesper Morch"]
[Result "1-0"]
[WhiteElo "2234"]
[BlackElo "2249"]
[PlyCount "129"]
[EventDate "2012.08.18"]
[EventType "swiss"]
[EventRounds "9"]
[EventCountry "GER"]
[SourceTitle "CBM 150 Extra"]
[Source "ChessBase"]
[SourceDate "2012.10.19"]
[SourceVersion "1"]
[SourceVersionDate "2012.10.19"]
[SourceQuality "1"]

1. d4 d5 2. c4 e6 3. Nc3 c5 4. cxd5 cxd4 5. Qxd4 Nc6 6. Qa4 exd5 7. e3 Nf6 8. Nf3 Bd6 9. Be2 0-0 10. 0-0 a6 11. Rd1 Re8 12. a3 Bf5 13. Nd4 Nxd4 14. Qxd4 Bc2 15. Rf1 Rc8 16. Qd2 Bf5 17. Rd1 Re5 18. Bf3 Bg4 19. Bxg4 Nxg4 20. h3 Nf6 21. f4 Rxe3 22. Kh1 Bc5 23. b4 Ba7 24. Bb2 Rcxc3 25. Bxc3 Ne4 26. Qxd5 Qe8 27. Be1 h5 28. Kh2 Bb8 29. Kg1 Bxf4 30. Bh4 g5 31. Qd8 Kf8 32. Qxe8+ Kxe8 33. Bf2 Nxf2 34. Kxf2 Rb3 35. Ra2 Bg3+ 36. Ke2 Be5 37. Rd3 Rb1 38. Re3 f6 39. Kd3 Kd7 40. Rc2 h4 41. Ke2 Ke6 42. Rd3 Rg1 43. Kf2 Rb1 44. Kf3 Kf5 45. Kf2 Ke4 46. Re3+ Kf5 47. Rf3+ Kg6 48. Ke2 Rg1 49. Kd3 Bf4 50. Kc4 Kf5 51. Kc5 Ke4 52. Re2+ Kf5 53. Kb6 Rb1 54. Rc2 Kg6 55. Kxb7 a5 56. Rc4 Bd2 57. Rc6 Bf4 58. Rb6 a4 59. b5 Rb3 60. Ka6 Rb2 61. Rc6 Rxg2 62. b6 Rb2 63. b7 Rb3 64. Rxf4 Rxb7 65. Rfxf6+ 1-0

[Event "Zehlendorf op"]
[Site "Berlin"]
[Date "2012.05.24"]
[Round "2"]
[White "Krawatzki, Armin"]
[Black "Schneider, Christian"]
[Result "0-1"]
[WhiteElo "1764"]
[BlackElo "1531"]
[PlyCount "76"]
[EventDate "2012.05.10"]
[EventType "swiss"]
[EventRounds "7"]
[EventCountry "GER"]
[SourceTitle "EXT 2022"]
[Source "ChessBase"]
[SourceDate "2021.10.06"]
[SourceVersion "1"]
[SourceVersionDate "2021.10.06"]
[SourceQuality "1"]

1. Nf3 Nf6 2. d4 c5 3. d5 g6 4. c4 b5 5. g3 Qa5+ 6. Bd2 b4 7. Bg2 Ne4 8. 0-0 Bg7 9. Qc2 Nxd2 10. Nbxd2 d6 11. a3 bxa3 12. Rxa3 Qb6 13. Rb1 0-0 14. e4 Na6 15. Ne1 Bd7 16. Nd3 Nb4 17. Nxb4 cxb4 18. Raa1 a5 19. Rc1 Rfc8 20. Rab1 a4 21. Qd3 Rc5 22. Bf1 Qc7 23. Qe3 a3 24. bxa3 bxa3 25. Nb3 a2 26. Ra1 Ra3 27. Rc3 Bxc3 28. Qxc3 Ba4 29. Qb4 Rxb3 30. Qxa4 Rb1 31. Qxa2 Rxa1 32. Qxa1 Ra5 33. Qb2 Qa7 34. Qc3 Qa6 35. Kg2 Qa7 36. Qf3 Qd4 37. h4 Ra1 38. h5 Qd1 0-1

[Event "Nordhausen op 11th"]
[Site "Nordhausen"]
[Date "2011.08.05"]
[Round "4.2"]
[White "Langheinrich, Ferenc"]
[Black "Schneider, Christian"]
[Result "0-1"]
[WhiteElo "2424"]
[BlackElo "2190"]
[PlyCount "84"]
[EventDate "2011.08.04"]
[EventType "swiss"]
[EventRounds "7"]
[EventCountry "GER"]
[SourceTitle "EXT 2019"]
[Source "ChessBase"]
[SourceDate "2018.10.10"]
[SourceVersion "1"]
[SourceVersionDate "2018.10.10"]
[SourceQuality "1"]

1. Nf3 Nf6 2. c4 e6 3. g3 d5 4. Bg2 Be7 5. d4 0-0 6. 0-0 c6 7. Qc2 Nbd7 8. Nbd2 b6 9. b3 Bb7 10. Bb2 Rc8 11. Rac1 dxc4 12. Nxc4 c5 13. Qb1 b5 14. Nce5 Nxe5 15. dxe5 Nd5 16. h4 c4 17. Bd4 cxb3 18. Qxb3 Qa5 19. e4 Nb6 20. Ng5 Nc4 21. Rfd1 h6 22. Nh3 Nd2 23. Qe3 Rxc1 24. Rxc1 Nc4 25. Qe2 Rd8 26. Rd1 Qa4 27. Rd3 b4 28. Nf4 Ba6 29. Qg4 Bf8 30. Kh2 Qxa2 31. h5 Rxd4 32. Rxd4 Nxe5 33. Qd1 Qxf2 34. Rd8 Qc5 35. Bh3 Bc4 36. Qa4 Bb5 37. Qd1 Kh7 38. Qa1 Be7 39. Ra8 Qf2+ 40. Bg2 Bh4 41. Ne2 Bxe2 42. Qxe5 Bf3 0-1

[Event "Nordhausen op 11th"]
[Site "Nordhausen"]
[Date "2011.08.05"]
[Round "3.7"]
[White "Schneider, Christian"]
[Black "Jung, Florian"]
[Result "1-0"]
[WhiteElo "2190"]
[BlackElo "1810"]
[PlyCount "77"]
[EventDate "2011.08.04"]
[EventType "swiss"]
[EventRounds "7"]
[EventCountry "GER"]
[SourceTitle "EXT 2019"]
[Source "ChessBase"]
[SourceDate "2018.10.10"]
[SourceVersion "1"]
[SourceVersionDate "2018.10.10"]
[SourceQuality "1"]

1. e4 c5 2. Nc3 d6 3. f4 Nc6 4. Nf3 g6 5. Bc4 Bg7 6. d3 e6 7. 0-0 Nge7 8. Qe1 Nd4 9. Nxd4 cxd4 10. Nd1 0-0 11. Bb3 b5 12. a4 Bd7 13. axb5 Bxb5 14. Bd2 Qd7 15. Qh4 d5 16. Nf2 dxe4 17. Nxe4 Nf5 18. Nf6+ Bxf6 19. Qxf6 Qe7 20. Qxe7 Nxe7 21. Bb4 Rfe8 22. Bc5 Nc6 23. Ba4 a6 24. Rfe1 Rab8 25. b3 f6 26. Bd6 Rbd8 27. Bxb5 axb5 28. Bc5 Rd5 29. b4 e5 30. Ra6 Rc8 31. fxe5 fxe5 32. Rb6 Kh8 33. Rf1 Rxc5 34. bxc5 Nb4 35. Rxb5 Nxc2 36. Rc1 Ne3 37. c6 e4 38. c7 Kg7 39. Rb8 1-0

[Event "Nordhausen op 11th"]
[Site "Nordhausen"]
[Date "2011.08.04"]
[Round "2.8"]
[White "Markus, Nico"]
[Black "Schneider, Christian"]
[Result "0-1"]
[WhiteElo "1866"]
[BlackElo "2190"]
[PlyCount "88"]
[EventDate "2011.08.04"]
[EventType "swiss"]
[EventRounds "7"]
[EventCountry "GER"]
[SourceTitle "EXT 2019"]
[Source "ChessBase"]
[SourceDate "2018.10.10"]
[SourceVersion "1"]
[SourceVersionDate "2018.10.10"]
[SourceQuality "1"]

1. e4 c5 2. c3 e6 3. Nf3 Nc6 4. d4 d5 5. exd5 Qxd5 6. Be2 Nf6 7. 0-0 cxd4 8. cxd4 Be7 9. Nc3 Qa5 10. Qa4 Qxa4 11. Nxa4 0-0 12. Rd1 Rd8 13. Be3 Nb4 14. Rdc1 Nbd5 15. Bd2 Ne4 16. Be1 Nf4 17. Bf1 Ng5 18. Nxg5 Bxg5 19. Rd1 Bf6 20. g3 Nd5 21. a3 Bd7 22. Nc5 Bc6 23. Ne4 Be7 24. Bg2 Rac8 25. Nc3 Nb6 26. Bxc6 Rxc6 27. f4 Bf6 28. Bf2 a6 29. Rab1 Nc4 30. Ne4 b5 31. Nc3 Nxb2 32. Rxb2 Rxc3 33. a4 bxa4 34. Rb4 a3 35. Ra4 g6 36. Rxa6 Rdc8 37. Ra1 Be7 38. Ra7 Rc1+ 39. Rxc1 Rxc1+ 40. Kg2 Bb4 41. Ra4 Bf8 42. Kf3 Rc2 43. Ra8 a2 44. h3 Rc3+ 0-1

[Event "Nordhausen op 11th"]
[Site "Nordhausen"]
[Date "2011.08.04"]
[Round "1.7"]
[White "Schneider, Christian"]
[Black "Pitz, Marko"]
[Result "1-0"]
[WhiteElo "2190"]
[BlackElo "1688"]
[PlyCount "63"]
[EventDate "2011.08.04"]
[EventType "swiss"]
[EventRounds "7"]
[EventCountry "GER"]
[SourceTitle "EXT 2019"]
[Source "ChessBase"]
[SourceDate "2018.10.10"]
[SourceVersion "1"]
[SourceVersionDate "2018.10.10"]
[SourceQuality "1"]

1. Nc3 f5 2. e4 e5 3. exf5 Nf6 4. d4 e4 5. Bg5 d5 6. Bxf6 Qxf6 7. Nxd5 Qd6 8. Qh5+ Kd8 9. Qh4+ Be7 10. Nxe7 Qxe7 11. Qxe7+ Kxe7 12. Ne2 Bxf5 13. Ng3 Bg6 14. h4 h5 15. 0-0-0 Kd7 16. Re1 Re8 17. Be2 Re6 18. Bxh5 Rf6 19. Bxg6 Rxg6 20. Rxe4 Nc6 21. h5 Rf6 22. f3 Rd8 23. Rhe1 Kc8 24. c3 b5 25. Re6 Rd6 26. Rxf6 Rxf6 27. d5 Na5 28. Re7 Nc4 29. Rxg7 Rf8 30. h6 Rh8 31. h7 Nd6 32. Rg8+ 1-0

[Event "GER-ch Net qual4 U25"]
[Site "Playchess.com INT"]
[Date "2011.05.11"]
[Round "3"]
[White "Carow, Johannes"]
[Black "Schneider, Christian"]
[Result "0-1"]
[WhiteElo "2451"]
[BlackElo "2215"]
[PlyCount "134"]
[EventDate "2011.05.11"]
[EventType "swiss (blitz)"]
[EventRounds "7"]
[EventCountry "GER"]
[SourceTitle "CBM 142 Extra"]
[Source "ChessBase"]
[SourceDate "2011.06.27"]
[SourceVersion "1"]
[SourceVersionDate "2011.06.27"]
[SourceQuality "1"]

1. c4 Nf6 2. d4 e6 3. Nc3 Bb4 4. Qc2 c5 5. dxc5 0-0 6. Nf3 Bxc5 7. Bf4 b6 8. e3 Bb7 9. Be2 Qe7 10. a3 a5 11. Rd1 d5 12. cxd5 Nxd5 13. Nxd5 Bxd5 14. Bd3 h6 15. Be4 Bxe4 16. Qxe4 Nd7 17. Qb7 Nf6 18. Qxe7 Bxe7 19. Ke2 Rac8 20. Rc1 Nd5 21. Be5 f6 22. Bg3 b5 23. Nd4 Kf7 24. Nxb5 a4 25. e4 Nb6 26. Bc7 Na8 27. Nd6+ Bxd6 28. Bxd6 Rfd8 29. Bb4 Nb6 30. Rhd1 Rxd1 31. Rxc8 Rd7 32. Rc6 Rb7 33. f3 g5 34. Kd3 h5 35. Kc3 h4 36. Ba5 Nd7 37. Rc7 Rb3+ 38. Kc2 Ke8 39. Bb4 h3 40. gxh3 Rxf3 41. Be1 Re3 42. Bg3 Rxe4 43. Kd3 f5 44. Rc6 Ne5+ 45. Bxe5 Rxe5 46. Rc4 Ra5 47. h4 gxh4 48. Rxh4 Kf7 49. Kc3 Kf6 50. Rh6+ Ke5 51. Kd3 Rb5 52. Kc3 Kd5 53. Rh8 Ra5 54. Rd8+ Ke4 55. Rd4+ Ke3 56. Rd3+ Ke4 57. Rd4+ Ke5 58. Rd1 f4 59. Kb4 Ra8 60. Re1+ Kf5 61. b3 axb3 62. Kxb3 e5 63. a4 e4 64. Kb4 f3 65. a5 f2 66. Ra1 e3 67. Kb5 e2 0-1

[Event "GER CupT"]
[Site "Germany"]
[Date "2011.01.23"]
[Round "2.4"]
[White "Schneider, Christian"]
[Black "Schuh, Karsten"]
[Result "1-0"]
[WhiteElo "2145"]
[BlackElo "2229"]
[PlyCount "79"]
[EventDate "2011.01.22"]
[EventType "team-k.o."]
[EventRounds "6"]
[EventCountry "GER"]
[SourceTitle "EXT 2016"]
[Source "ChessBase"]
[SourceDate "2015.10.08"]
[SourceVersion "1"]
[SourceVersionDate "2015.10.08"]
[SourceQuality "1"]
[WhiteTeam "Stadtilm Blau Weiss"]
[BlackTeam "Boeblingen"]
[WhiteTeamCountry "GER"]
[BlackTeamCountry "GER"]

1. e4 c5 2. Nc3 Nc6 3. Bb5 g6 4. Bxc6 bxc6 5. Nge2 Bg7 6. d3 d6 7. 0-0 e6 8. Be3 Ne7 9. Qd2 0-0 10. Bh6 f5 11. Bxg7 Kxg7 12. Rad1 Kg8 13. d4 cxd4 14. Qxd4 d5 15. exd5 cxd5 16. Rfe1 Nc6 17. Qc5 Qb6 18. Na4 Qxc5 19. Nxc5 Kf7 20. Nf4 Re8 21. c3 Rb8 22. Nfd3 e5 23. a3 Kf6 24. Nb4 Nxb4 25. axb4 Be6 26. Ra1 Re7 27. Ra6 Rb6 28. Rea1 d4 29. Rxa7 Rxa7 30. Rxa7 d3 31. Kf1 Rd6 32. Ke1 d2+ 33. Kd1 Bc4 34. Ra1 e4 35. b5 Bxb5 36. Nb3 f4 37. Nd4 Rxd4 38. cxd4 e3 39. fxe3 fxe3 40. Ra3 1-0

[Event "Pardubice op-B"]
[Site "Pardubice"]
[Date "2009.07.31"]
[Round "8"]
[White "Schneider, Christian"]
[Black "Trenner, Rolf"]
[Result "0-1"]
[WhiteElo "2138"]
[BlackElo "2251"]
[PlyCount "100"]
[EventDate "2009.07.24"]
[EventType "swiss"]
[EventRounds "9"]
[EventCountry "CZE"]
[SourceTitle "CBM 131 Extra"]
[Source "ChessBase"]
[SourceDate "2009.09.03"]
[SourceVersion "2"]
[SourceVersionDate "2009.09.16"]
[SourceQuality "1"]

1. Nc3 d5 2. e4 d4 3. Nce2 Nc6 4. Ng3 e5 5. Bc4 Qd6 6. d3 g6 7. N1e2 h5 8. h3 Nge7 9. a3 h4 10. Nf1 Bd7 11. Nh2 Bg7 12. 0-0 f6 13. f4 0-0-0 14. Nf3 Rdf8 15. fxe5 Nxe5 16. Nxe5 Qxe5 17. b4 Bh6 18. Bxh6 Rxh6 19. Qc1 g5 20. c3 dxc3 21. Qxc3 Qd6 22. Qd4 Qxd4+ 23. Nxd4 Rd8 24. Be6 Bxe6 25. Nxe6 Rd6 26. Nc5 Nc6 27. Rad1 Rh8 28. Nb3 Re8 29. Kf2 Ne5 30. Ke2 Ng6 31. Kf3 b6 32. d4 Rde6 33. Rfe1 f5 34. e5 Rd8 35. Nc1 c5 36. bxc5 bxc5 37. dxc5 Nxe5+ 38. Kf2 Rde8 39. Kf1 Nc4 40. Rxe6 Rxe6 41. Rd3 Re5 42. Nb3 Nxa3 43. Rd6 Nb5 44. Rg6 f4 45. Kf2 Kc7 46. Nd2 Nd4 47. Rg7+ Kc6 48. Nf3 Nxf3 49. Kxf3 a5 50. Ra7 Rxc5 0-1

[Event "GER-ch Net qual4 U25"]
[Site "Playchess.com INT"]
[Date "2009.06.17"]
[Round "3"]
[White "Schneider, Christian"]
[Black "Gaitzsch, Martin"]
[Result "1-0"]
[WhiteElo "2116"]
[BlackElo "2030"]
[PlyCount "45"]
[EventDate "2009.06.17"]
[EventType "swiss (blitz)"]
[EventRounds "7"]
[EventCountry "GER"]
[SourceTitle "CBM 130 Extra"]
[Source "ChessBase"]
[SourceDate "2009.07.02"]
[SourceVersion "2"]
[SourceVersionDate "2009.07.15"]
[SourceQuality "1"]

1. Nc3 c5 2. e4 Nc6 3. Bb5 g6 4. Bxc6 dxc6 5. d3 Bg7 6. Nge2 Nf6 7. 0-0 0-0 8. h3 e5 9. Be3 b6 10. Qd2 Ba6 11. b3 Nh5 12. g4 Nf6 13. a4 Bc8 14. Rae1 Be6 15. f4 exf4 16. Nxf4 Bxg4 17. hxg4 Nxg4 18. Nd1 Qh4 19. Qg2 Rae8 20. Qh3 Qg5 21. Ne6 Nxe3+ 22. Nxg5 Nxf1 23. Qxh7# 1-0

[Event "GER-ch Net qual4 U25"]
[Site "Playchess.com INT"]
[Date "2009.06.17"]
[Round "5"]
[White "Schneider, Christian"]
[Black "Hoolt, Sarah"]
[Result "0-1"]
[WhiteElo "2116"]
[BlackElo "2215"]
[PlyCount "68"]
[EventDate "2009.06.17"]
[EventType "swiss (blitz)"]
[EventRounds "7"]
[EventCountry "GER"]
[SourceTitle "CBM 130 Extra"]
[Source "ChessBase"]
[SourceDate "2009.07.02"]
[SourceVersion "2"]
[SourceVersionDate "2009.07.15"]
[SourceQuality "1"]

1. Nc3 c5 2. e4 e6 3. f4 Nc6 4. Nf3 d5 5. d3 Nf6 6. e5 Nd7 7. g3 g6 8. Bg2 Be7 9. 0-0 a6 10. h3 b5 11. Ne2 Bb7 12. c3 Qc7 13. d4 cxd4 14. Nexd4 Nc5 15. Nxc6 Qxc6 16. Nd4 Qb6 17. Be3 Qc7 18. Qc2 Rd8 19. Rad1 0-0 20. g4 Ne4 21. a3 Bc5 22. Bxe4 dxe4 23. Qf2 Rd7 24. Nb3 Bxe3 25. Qxe3 Rd5 26. Rxd5 Bxd5 27. Nd4 Rd8 28. Re1 Qc4 29. Ne2 Qb3 30. Qc1 Bb7 31. Nd4 Rxd4 32. cxd4 Qg3+ 33. Kf1 Qf3+ 34. Kg1 e3 0-1

[Event "GER-ch Net qual4 U25"]
[Site "Playchess.com INT"]
[Date "2009.06.17"]
[Round "2"]
[White "Steingraeber, Kai Uwe"]
[Black "Schneider, Christian"]
[Result "0-1"]
[WhiteElo "1770"]
[BlackElo "2116"]
[PlyCount "102"]
[EventDate "2009.06.17"]
[EventType "swiss (blitz)"]
[EventRounds "7"]
[EventCountry "GER"]
[SourceTitle "CBM 130 Extra"]
[Source "ChessBase"]
[SourceDate "2009.07.02"]
[SourceVersion "2"]
[SourceVersionDate "2009.07.15"]
[SourceQuality "1"]

1. e4 c6 2. Nf3 d5 3. exd5 cxd5 4. d4 Nc6 5. c3 Bf5 6. Nbd2 Nf6 7. Be2 e6 8. 0-0 h6 9. Re1 Bd6 10. Nf1 0-0 11. Ng3 Bh7 12. Be3 a6 13. a4 Qc7 14. Rc1 Na5 15. b4 Nc4 16. Nd2 Nxe3 17. fxe3 Bxg3 18. hxg3 Qxg3 19. Bf3 Rac8 20. Nf1 Qd6 21. Qd2 Be4 22. Nh2 Bxf3 23. gxf3 Qg3+ 24. Qg2 Qxg2+ 25. Kxg2 Rc7 26. Kf2 Rfc8 27. b5 axb5 28. axb5 Rxc3 29. Ra1 Rb3 30. Ra7 b6 31. Rb7 Rxb5 32. Ra1 Rb2+ 33. Kg3 Rcc2 34. Ng4 Rg2+ 35. Kf4 g5+ 36. Ke5 Nxg4+ 37. fxg4 Rxg4 38. Ra8+ Kg7 39. Rbb8 Re4+ 40. Kd6 Kg6 41. Rg8+ Kh5 42. Raf8 f5 43. Rf6 Rxe3 44. Rh8 f4 45. Rhxh6+ Kg4 46. Rh1 Rg2 47. Kc6 f3 48. Rf1 Kg3 49. Kxb6 g4 50. Kc6 f2 51. Kd6 Re1 0-1

[Event "GER-ch Net qual4 U25"]
[Site "Playchess.com INT"]
[Date "2009.06.17"]
[Round "4"]
[White "Strunski, Andreas"]
[Black "Schneider, Christian"]
[Result "1-0"]
[WhiteElo "2329"]
[BlackElo "2116"]
[PlyCount "85"]
[EventDate "2009.06.17"]
[EventType "swiss (blitz)"]
[EventRounds "7"]
[EventCountry "GER"]
[SourceTitle "CBM 130 Extra"]
[Source "ChessBase"]
[SourceDate "2009.07.02"]
[SourceVersion "2"]
[SourceVersionDate "2009.07.15"]
[SourceQuality "1"]

1. d4 d5 2. c4 e6 3. Nc3 Nf6 4. Nf3 Be7 5. Bf4 0-0 6. e3 c6 7. Qc2 a6 8. a3 Nbd7 9. h3 Re8 10. c5 b5 11. b4 a5 12. Rb1 h6 13. Bd3 Nf8 14. 0-0 N6d7 15. Bh2 Bf6 16. e4 Bb7 17. e5 Be7 18. Nd2 axb4 19. axb4 f5 20. Nb3 Qc7 21. Na5 g6 22. Ra1 Kg7 23. Ra3 Nh7 24. Rfa1 Rab8 25. Ne2 Bg5 26. R1a2 Ndf8 27. Qb1 Bd8 28. Nf4 Qf7 29. Be2 Bg5 30. Nd3 Bd8 31. Qa1 g5 32. g4 fxg4 33. Bxg4 h5 34. Bd1 Qf5 35. Ne1 Qg6 36. Bc2 Qh6 37. Qb1 Re7 38. Ng2 Rf7 39. Nxb7 Rbxb7 40. Ra8 Rfd7 41. R2a6 Rbc7 42. Rb8 Ng6 43. Raa8 1-0

[Event "GER-ch U25 op"]
[Site "Willingen"]
[Date "2009.06.01"]
[Round "3"]
[White "Ehlers, Michael2222"]
[Black "Schneider, Christian"]
[Result "0-1"]
[WhiteElo "1993"]
[BlackElo "2116"]
[PlyCount "88"]
[EventDate "2009.05.30"]
[EventType "swiss"]
[EventRounds "9"]
[EventCountry "GER"]
[SourceTitle "EXT 2010"]
[Source "ChessBase"]
[SourceDate "2010.11.25"]
[SourceVersion "1"]
[SourceVersionDate "2010.11.25"]
[SourceQuality "1"]

1. f4 d5 2. Nf3 c5 3. b3 Nc6 4. Bb2 Nf6 5. e3 Bg4 6. Bb5 e6 7. 0-0 Qc7 8. d3 Nd7 9. Nbd2 f6 10. Bxc6 Qxc6 11. e4 0-0-0 12. Qe1 Bh5 13. e5 f5 14. d4 Bxf3 15. Nxf3 h6 16. c4 dxc4 17. bxc4 Nb6 18. dxc5 Bxc5+ 19. Kh1 Rd3 20. Rd1 Rxd1 21. Qxd1 Nxc4 22. Qe2 Nxb2 23. Qxb2 Rd8 24. Rc1 Kb8 25. Qc2 Be3 26. Qxc6 bxc6 27. Rb1+ Kc7 28. g3 g5 29. fxg5 hxg5 30. Re1 Rd3 31. Rb1 Bd2 32. Kg2 g4 33. Nh4 c5 34. Rb3 Rd8 35. Ng6 Rg8 36. Rd3 Bg5 37. Nf4 Bxf4 38. gxf4 Rd8 39. Ra3 Kb6 40. Rb3+ Kc6 41. Ra3 c4 42. Rxa7 c3 43. Ra3 Rd3 44. Ra4 Kd5 0-1

[Event "GER-ch Net qual3 U25"]
[Site "Playchess.com INT"]
[Date "2009.05.17"]
[Round "4"]
[White "Hastrich, Julian"]
[Black "Schneider, Christian"]
[Result "1/2-1/2"]
[WhiteElo "2068"]
[BlackElo "2116"]
[PlyCount "120"]
[EventDate "2009.05.17"]
[EventType "swiss (blitz)"]
[EventRounds "7"]
[EventCountry "GER"]
[SourceTitle "CBM 130 Extra"]
[Source "ChessBase"]
[SourceDate "2009.07.02"]
[SourceVersion "2"]
[SourceVersionDate "2009.07.15"]
[SourceQuality "1"]

1. e4 c6 2. d4 d5 3. exd5 cxd5 4. Bd3 Nc6 5. c3 Nf6 6. Bf4 Bg4 7. Qb3 Qc8 8. Nd2 e6 9. Ngf3 Bh5 10. Ne5 Nxe5 11. dxe5 Nd7 12. 0-0 Be7 13. Rfe1 0-0 14. Qc2 Bg6 15. Bxg6 hxg6 16. Nf3 Qc4 17. Nd4 Rac8 18. Rad1 b5 19. a3 a5 20. Qd2 b4 21. cxb4 axb4 22. b3 Qa6 23. a4 Rc3 24. Re3 Rfc8 25. h3 Rxe3 26. Qxe3 Bc5 27. Rc1 Bxd4 28. Rxc8+ Qxc8 29. Qxd4 Qc5 30. Be3 Qxd4 31. Bxd4 Nb8 32. a5 Na6 33. f4 Kf8 34. g4 Ke8 35. Kf2 Kd7 36. Kf3 Kc6 37. f5 gxf5 38. gxf5 exf5 39. e6 f6 40. Kf4 g6 41. h4 Kd6 42. h5 gxh5 43. Kxf5 Nc7 44. Kxf6 Nxe6 45. a6 Nc7 46. a7 Na8 47. Be5+ Kc5 48. Kg5 d4 49. Kxh5 Kd5 50. Bf4 Ke4 51. Bd2 Kd3 52. Bxb4 Kc2 53. Ba5 Kxb3 54. Kg5 Ka4 55. Bd8 d3 56. Kf5 Kb5 57. Bg5 Kc6 58. Ke4 Kb7 59. Kxd3 Kxa7 60. Be3+ Kb7 1/2-1/2

[Event "GER-ch Net qual3 U25"]
[Site "Playchess.com INT"]
[Date "2009.05.17"]
[Round "5"]
[White "Schneider, Christian"]
[Black "Gasthofer, Alexander"]
[Result "1/2-1/2"]
[WhiteElo "2116"]
[BlackElo "2441"]
[PlyCount "132"]
[EventDate "2009.05.17"]
[EventType "swiss (blitz)"]
[EventRounds "7"]
[EventCountry "GER"]
[SourceTitle "CBM 130 Extra"]
[Source "ChessBase"]
[SourceDate "2009.07.02"]
[SourceVersion "2"]
[SourceVersionDate "2009.07.15"]
[SourceQuality "1"]

1. Nc3 d5 2. e4 e6 3. f4 dxe4 4. Nxe4 Nd7 5. Nf3 Ngf6 6. Nf2 c5 7. b3 Nd5 8. g3 Be7 9. Bg2 Bf6 10. Rb1 0-0 11. 0-0 Rb8 12. Ne4 b5 13. Nxf6+ N5xf6 14. Bb2 Bb7 15. Qe2 Qb6 16. Kh1 Rfe8 17. d3 Bc6 18. Rbe1 a5 19. Ne5 Bxg2+ 20. Qxg2 Qb7 21. Nc6 Nd5 22. Nxb8 Rxb8 23. c4 Nb4 24. Qxb7 Rxb7 25. Bc3 Nxa2 26. Bxa5 g6 27. Ra1 Nb4 28. Bxb4 cxb4 29. d4 bxc4 30. bxc4 Nb6 31. Rfc1 Rc7 32. c5 Nd5 33. Kg2 Rd7 34. Kf3 Nc3 35. Rxc3 bxc3 36. Ke4 Kf8 37. Rc1 f5+ 38. Kd3 Ke7 39. Rxc3 Ra7 40. Kc4 Kd7 41. d5 exd5+ 42. Kxd5 Ra2 43. h4 Rd2+ 44. Ke5 Kc6 45. Kf6 Rd7 46. Kg5 Rg7 47. h5 gxh5+ 48. Kxf5 Rg4 49. Ke5 h4 50. gxh4 Rxh4 51. f5 Rh1 52. Ke6 h5 53. f6 Re1+ 54. Kf5 Rf1+ 55. Kg6 h4 56. f7 Rg1+ 57. Kh7 Rf1 58. Kg8 Rg1+ 59. Kf8 Rg3 60. Rc4 h3 61. Rh4 Kxc5 62. Ke7 Re3+ 63. Kf6 Rf3+ 64. Ke6 Kc6 65. Rxh3 Rxh3 66. f8Q Re3+ 1/2-1/2